Missing Word: 'P' Actor Movies Quiz Stats

 Plays Quiz Updated May 22, 2016

Challenge
Share
Tweet
Embed
Score 0/30 Timer 03:00
0 Plays Today
Hint Answer % Correct
Brad PittFight
96.2%
Brad PittOcean's
95.8%
Sean PennDead
95.4%
Joe PesciLethal
92.8%
Joe PesciHome
92.7%
Joe PesciBull
92.4%
Natalie PortmanVendetta
92.3%
Al PacinoWoman
91.4%
Al PacinoGiven
91.1%
Sean PennThin
90.5%
Natalie PortmanSwan
89.5%
Chris PrattZero
89.1%
Joe PesciVinny
89.1%
Brad PittBasterds
88.6%
Al PacinoDog
88.6%
Hint Answer % Correct
Brad PittReading
87.4%
Chris PrattWorld
81.5%
Sean PennMystic
81.5%
Chris PrattGuardians
81.3%
Brad PittMonkeys
78%
Al PacinoAdvocate
76.2%
Sean PennSam
75.1%
Al PacinoBrasco
69.4%
Natalie PortmanBoleyn
65.6%
Chris PrattMan
59.6%
Natalie PortmanGarden
54.9%
Natalie PortmanThor
53%
Joe PesciAmerica
47.4%
Chris PrattEngagement
46.5%
Sean PennGrams
42.3%

Today's Daily Dose

You're not logged in!

Compare scores with friends on all Sporcle quizzes.
OR
Log In

You Might Also Like...

Show Comments

Extras

Top Quizzes Today


Score Distribution

Your Account Isn't Verified!

In order to create a playlist on Sporcle, you need to verify the email address you used during registration. Go to your Sporcle Settings to finish the process.

Report this User

Report this user for behavior that violates our Community Guidelines.

Details: